Generalidades, muros y pequeñas obras / (Record no. 187717)

MARC details
000 -LEADER
campo de control de longitud fija 00688nam a2200193 i 4500
001 - NÚMERO DE CONTROL
campo de control 187717
003 - IDENTIFICADOR DE NÚMERO DE CONTROL
campo de control ES-MaACL
005 - FECHA Y HORA DE LA ÚLTIMA TRANSACCIÓN
campo de control 20251014063302.0
008 - DATOS DE LONGITUD FIJA--INFORMACIÓN GENERAL
campo de control de longitud fija 180205s1925 sp |||| | spa d
100 1# - ENTRADA PRINCIPAL--NOMBRE DE PERSONA
Nombre de persona Ribera, José Eugenio,
Fechas asociadas al nombre 1864-1936
9 (RLIN) 96777
245 10 - MENCIÓN DEL TÍTULO
Título Generalidades, muros y pequeñas obras /
Mención de responsabilidad, etc. por José Eugenio Ribera.
260 ## - PUBLICACIÓN, DISTRIBUCIÓN, ETC.
Lugar de publicación, distribución, etc. [S.l.] :
Nombre del editor, distribuidor, etc. [s.n.],
Fecha de publicación, distribución, etc. 1925 (
Lugar de fabricación/manufactura [Madrid :
Fabricante Voluntad])
300 ## - DESCRIPCIÓN FÍSICA
Extensión 323 p., 20 h. de lám. :
Otras características físicas il. ;
Dimensiones 25 cm.
490 1# - MENCIÓN DE SERIE
Mención de serie Puentes de fábrica y hormigón armado ;
Designación de volumen o secuencia 1
650 #4 - PUNTO DE ACCESO ADICIONAL DE MATERIA--TÉRMINO DE MATERIA
Término de materia o nombre geográfico como elemento de entrada Construcción.
9 (RLIN) 11295
830 0# - PUNTO DE ACCESO ADICIONAL DE SERIE-TÍTULO UNIFORME
Título uniforme Puentes de fábrica y hormigón armado ;
Designación de volumen o secuencia 1
9 (RLIN) 192816
852 ## - LOCALIZACIÓN
Ubicación ES-MaACL
Número de control de estantería A-1338
Holdings
Estatus retirado Estado de pérdida Estado de daño No para préstamo Biblioteca de origen Biblioteca actual Ubicación en estantería Fecha de adquisición Fuente de adquisición Total de préstamos Signatura topográfica completa Código de barras Visto por última vez Precio de reemplazo Tipo de ítem Koha
        Biblioteca del Ateneo de Madrid Biblioteca del Ateneo de Madrid Sala Pecera Planta 1 05/02/2018     A-1338 1198306 23/02/2023 23/02/2023 Libro impreso